|
|
|
|
| LEADER |
01135nam a2200325 a 4500 |
| 001 |
000234759 |
| 003 |
CZ BrMZK |
| 005 |
20141218130617.0 |
| 007 |
ta |
| 008 |
950101s1977 xr f 000 0 cze d |
| 015 |
|
|
|a cnb000413686
|
| 035 |
|
|
|a (OCoLC)85253881
|
| 040 |
|
|
|a ABA001
|b cze
|c CBA001
|d ABA001
|d BOA001
|
| 041 |
1 |
|
|a cze
|h eng
|
| 080 |
9 |
|
|a 820-14-821
|
| 080 |
9 |
|
|a 92 Graves, R.
|
| 100 |
1 |
|
|a Graves, Robert,
|d 1895-1985
|7 jn19990002848
|4 aut
|
| 245 |
1 |
0 |
|a Příznaky lásky :
|b výbor z veršů /
|c Robert Graves
|
| 250 |
|
|
|a 1. vyd.
|
| 260 |
|
|
|a Praha :
|b Československý spisovatel,
|c 1977
|
| 300 |
|
|
|a 116 s.
|
| 490 |
1 |
|
|a Klub přátel poezie. Výběrová řada
|
| 500 |
|
|
|a Přeloženo z angličtiny
|
| 765 |
0 |
|
|t Poems
|9 Česky
|
| 830 |
|
0 |
|a Klub přátel poezie (Československý spisovatel).
|p Výběrová řada
|0 s
|
| 856 |
4 |
1 |
|u http://www.digitalniknihovna.cz/mzk/uuid/uuid:48fc7c60-0edb-11e3-9923-005056827e52
|y Digitalizovaný dokument
|x NDK
|
| 910 |
|
|
|a BOA001
|b 1-0785.076
|
| 990 |
|
|
|a BK
|
| 991 |
|
|
|b 200807
|
| 996 |
6 |
|
|b 2619897760
|c 1-0785.076
|l MZK
|r Sklad / do 1 hodiny
|n 8
|w 000234759
|u 000010
|a 1
|e BOA001
|j MZK50
|s P
|